Program odpadového hospodárstva Slovenskej republiky

Uložené v:
Podrobná bibliografia
Médium: Kniha
Jazyk:Slovak
Vydavateľské údaje: Bratislava ŠEVT 1993
Vydanie:1. vyd.
Predmet:
Tagy: Pridať tag
Žiadne tagy, Buďte prvý, kto otaguje tento záznam!

MARC

LEADER 00000nam a2200000 4500
001 c005646
005 20221128073726.6
020 |a 80-88707-03-X 
041 0 |a slo 
044 |a SK 
245 1 0 |a Program odpadového hospodárstva Slovenskej republiky 
250 |a 1. vyd. 
264 1 |a Bratislava  |b ŠEVT  |c 1993 
300 |a 85 s. 
610 2 0 |a odpad 
610 2 0 |a prostredie životné 
610 2 0 |a Slovensko 
610 2 0 |a stratégia hospodárska 
610 2 0 |a štruktúra ekonomická 
610 2 0 |a ciele riadenia 
610 2 0 |a odvetvia činnosti ekonomickej 
610 2 0 |a správa štátna 
610 2 0 |a prognózy